[Event "Challenge"]
[Site "http://www.queenalice.com/game.php?id=1350558"]
[Date "2015.3.29"]
[Round "-"]
[White "burt_loml"]
[Black "Vladimir"]
[Result "0-1"]
[WhiteElo "1804"]
[BlackElo "1817"]

1. c4 e5 2. Nc3 Nf6 3. e4 Bb4 4. Nf3 Nc6 5. a3 Bxc3 6. dxc3 Nxe4 7. Qd5 Nf6 8.
Qd2 d6 9. h3 O-O 10. Be2 Ne4 11. Qe3 f5 12. O-O Na5 13. b4 Nb3 14. Rb1 Nxc1 15.
Rbxc1 Qf6 16. Rfd1 c6 17. Nd2 Nxd2 18. Rxd2 Be6 19. Rxd6 f4 20. Qe4 Rad8 21. c5
Rxd6 22. cxd6 Bd5 23. Bc4 Qxd6 24. Rd1 Rd8 25. b5 Kf8 26. Qf5+ Qf6 27. Qxf6+
gxf6 28. bxc6 bxc6 29. f3 Rb8 30. Bxd5 cxd5 31. Rxd5 Rb3 32. c4 Rxa3 33. Rd7 a5
34. Rxh7 Rc3 35. Ra7 Rxc4 36. Rxa5 Kg7 37. Kf2 Kg6 38. g4 Rc2+ 39. Ke1 Kg5 40.
Ra7 Kh4 41. Rh7+ Kg3 42. Kd1 Rb2 43. Rf7 Rb6 44. Ke2 Kxh3 45. Kf2 Rb2+ 46. Kf1
Kg3 47. Rxf6 Kxf3 48. Ke1 Kxg4 0-1

[Event "Challenge"]
[Site "http://www.queenalice.com/game.php?id=1355098"]
[Date "2015.4.23"]
[Round "-"]
[White "TheKink"]
[Black "Vladimir"]
[Result "0-1"]
[WhiteElo "1891"]
[BlackElo "1833"]

1. Nf3 d5 2. d3 c5 3. g3 Nc6 4. Bg2 e5 5. O-O Bd6 6. b3 Nf6 7. Bg5 h6 8. Bxf6
Qxf6 9. Nbd2 Bf5 10. c4 d4 11. a3 a6 12. Nh4 Bg4 13. Ne4 Qe6 14. Nxd6+ Qxd6 15.
Rb1 Qd7 16. b4 cxb4 17. axb4 b5 18. c5 O-O 19. Nf3 Bh3 20. Nd2 Bxg2 21. Kxg2 f5
22. Qb3+ Qf7 23. Qxf7+ Rxf7 24. f4 Re8 25. Rfe1 e4 26. h3 e3 27. Nf3 Kh7 28. Rb2
Rg8 29. h4 Ra7 30. Ra1 Rga8 31. Nh2 Ne7 32. Nf3 Nd5 33. Nxd4 Kg6 34. Nc6 Rc7 35.
Ne5+ Kf6 36. Kf3 g5 37. hxg5+ hxg5 38. d4 g4+ 39. Kg2 Nc3 40. Rh1 Ke6 41. Rh6+
Kd5 42. Rd6+ Ke4 43. Nd3 Nxe2 44. Rxe2 Kxd3 45. Kf1 a5 46. Rb2 a4 47. Ke1 a3 48.
Ra2 Re7 49. d5 e2 50. Rh6 Kc3 51. d6 Re3 52. Rh2 Rae8 53. d7 Rd8 54. c6 Kb3 55.
Rhxe2 Rxe2+ 0-1

[Event "Challenge"]
[Site "http://www.queenalice.com/game.php?id=1355099"]
[Date "2015.4.23"]
[Round "-"]
[White "Vladimir"]
[Black "TheKink"]
[Result "1-0"]
[WhiteElo "1813"]
[BlackElo "1911"]

1. d4 Nf6 2. c4 c5 3. dxc5 e5 4. b4 a5 5. Qa4 Nc6 6. b5 Nd4 7. e3 Nf5 8. Ba3 Qc7
9. b6 Qc6 10. Qxc6 dxc6 11. Bd3 Be7 12. e4 Nd4 13. Nc3 O-O 14. Nge2 Nxe2 15.
Bxe2 Be6 16. O-O Rad8 17. Rad1 Rxd1 18. Rxd1 Rd8 19. Rxd8+ Bxd8 20. g3 Ng4 21.
Bc1 Be7 22. Na4 h6 23. Bd2 Nf6 24. f3 Nd7 25. Be3 g6 26. f4 f5 27. Bd3 Kg7 28.
h3 fxe4 29. Bxe4 Bxc4 30. a3 exf4 31. gxf4 Bb3 32. Bd4+ Kf7 33. Nb2 Nxc5 34.
Bxc5 Bxc5+ 35. Kg2 Bxa3 36. Nd3 Bc2 37. Ne5+ Kf6 38. Bxc2 g5 39. Ng4+ Kg7 40. f5
Bc5 41. f6+ Kf8 42. Nxh6 Bxb6 43. Bh7 Bd4 44. f7 Bg7 45. Nf5 Kxf7 46. Nd6+ Ke7
47. Nxb7 a4 48. Be4 a3 49. Bb1 Kd7 50. Na5 c5 51. Nc4 Bb2 52. Kf2 Ke6 53. Nxb2
axb2 54. Ke2 Ke5 55. Kd2 1-0

[Event "Challenge"]
[Site "http://www.queenalice.com/game.php?id=1360536"]
[Date "2015.5.20"]
[Round "-"]
[White "Rommel"]
[Black "Vladimir"]
[Result "1-0"]
[WhiteElo "1756"]
[BlackElo "1836"]

1. e4 e5 2. f4 exf4 3. Nf3 Nc6 4. Bc4 h6 5. O-O Bc5+ 6. d4 Bb6 7. c3 g5 8. h3 d6
9. Nbd2 Be6 10. Bd3 d5 11. e5 f6 12. Bg6+ Bf7 13. Bxf7+ Kxf7 14. exf6 Nxf6 15.
Kh1 Kg6 16. Qc2+ Kf7 17. Ne5+ Nxe5 18. dxe5 Nh5 19. Qf5+ Kg7 20. Rf3 Ng3+ 21.
Rxg3 Rf8 22. Rxg5+ hxg5 23. Qg4 Qe7 24. Nf3 Kg6 25. Nh4+ Kf7 26. Qh5+ Ke6 27.
Qh6+ Kd7 28. Ng6 Qc5 29. Nxf8+ Rxf8 30. Bd2 Qe7 31. Re1 Bf2 32. e6+ Kd6 33. Re2
Bh4 34. Qh5 Rf6 35. c4 dxc4 36. Bb4+ c5 37. Rd2+ Kc6 38. Qf3+ Kb6 39. Bc3 Rxe6
40. g3 Bxg3 41. Qd5 Re1+ 42. Kg2 g4 43. hxg4 Qh4 44. Ba5+ Ka6 45. Qxc4+ b5 46.
Rd6+ Kxa5 47. Qc3+ b4 48. Qxc5+ 1-0

[Event "Challenge"]
[Site "http://www.queenalice.com/game.php?id=1360550"]
[Date "2015.5.20"]
[Round "-"]
[White "Vladimir"]
[Black "Rommel"]
[Result "0-1"]
[WhiteElo "1836"]
[BlackElo "1516"]

1. d4 Nf6 2. Nf3 e6 3. Bg5 Be7 4. Bxf6 Bxf6 5. e4 b6 6. e5 Be7 7. Bd3 Bb7 8. O-O
O-O 9. c4 c5 10. Qc2 h6 11. d5 exd5 12. cxd5 Bxd5 13. Nc3 Bxf3 14. gxf3 Nc6 15.
f4 Nd4 16. Qa4 d6 17. Be4 Rc8 18. Kh1 dxe5 19. fxe5 f6 20. Qc4+ Kh8 21. exf6
Bxf6 22. Rad1 Be5 23. Nb5 Qf6 24. Nxa7 Qf4 25. Nxc8 Qxh2# 0-1

[Event "Challenge"]
[Site "http://www.queenalice.com/game.php?id=1370075"]
[Date "2015.7.6"]
[Round "-"]
[White "LaB"]
[Black "Vladimir"]
[Result "1-0"]
[WhiteElo "1856"]
[BlackElo "1847"]

1. d4 d5 2. Nc3 Nf6 3. e3 a6 4. Nf3 Bg4 5. Be2 e6 6. Ne5 Bxe2 7. Qxe2 Bd6 8. f4
O-O 9. O-O c5 10. Bd2 cxd4 11. exd4 Bb4 12. Rad1 Bxc3 13. Bxc3 Ne4 14. Nf3 Nxc3
15. bxc3 Nc6 16. Ne5 Nxe5 17. fxe5 Qa5 18. Qg4 Qxc3 19. Rf3 Qxc2 20. Rdf1 Qg6
21. Qh3 b5 22. Rg3 Qe4 23. Rg4 Qc2 24. Rgf4 Rac8 25. Qh5 Qg6 26. Qe2 Rc2 27. Qf3
Rxa2 28. Rg4 Qe4 29. Rxe4 dxe4 30. Qxe4 Rc8 31. Qb7 Rac2 32. Qxf7+ 1-0

[Event "Challenge"]
[Site "http://www.queenalice.com/game.php?id=1370079"]
[Date "2015.7.6"]
[Round "-"]
[White "Vladimir"]
[Black "LaB"]
[Result "0-1"]
[WhiteElo "1821"]
[BlackElo "1906"]

1. d4 d5 2. c4 Nf6 3. Nc3 e6 4. Bg5 Be7 5. Bxf6 Bxf6 6. Nf3 Nc6 7. e3 O-O 8. c5
b6 9. cxb6 axb6 10. Bb5 Bb7 11. O-O Qd6 12. a4 Na5 13. Qd2 Nb3 14. Qd1 Nxa1 15.
Qxa1 Bc6 16. Bxc6 Qxc6 17. Nb5 Ra5 18. b4 Raa8 19. Rc1 Rxa4 20. Na3 Qa8 21. Rc3
Be7 22. Qb2 Bxb4 23. Rxc7 Bxa3 24. Qc2 Bd6 25. Qxa4 Qxa4 26. Rc1 b5 0-1

[Event "Challenge"]
[Site "http://www.queenalice.com/game.php?id=1370082"]
[Date "2015.7.6"]
[Round "-"]
[White "Vladimir"]
[Black "Bategoll"]
[Result "0-1"]
[WhiteElo "1836"]
[BlackElo "1853"]

1. d4 d5 2. c4 dxc4 3. e4 e5 4. d5 Nf6 5. Bg5 Be7 6. Bxf6 Bxf6 7. Bxc4 O-O 8.
Nf3 Nd7 9. O-O Nc5 10. h3 Nxe4 11. Re1 Nd6 12. Bb3 Re8 13. Nc3 Nf5 14. Bc2 a6
15. Bxf5 Bxf5 16. Ne2 e4 17. Nfd4 Qxd5 18. Nxf5 Qxf5 19. Rc1 Bxb2 20. Rxc7 b5
21. Ng3 Qf6 22. Nxe4 Qg6 23. Qd7 Red8 24. Qg4 Qxg4 25. hxg4 h6 26. Ng3 b4 27.
Ree7 a5 28. Rxf7 a4 29. Nf5 Rd1+ 30. Kh2 Be5+ 0-1

[Event "Challenge"]
[Site "http://www.queenalice.com/game.php?id=1370084"]
[Date "2015.7.6"]
[Round "-"]
[White "Bategoll"]
[Black "Vladimir"]
[Result "1-0"]
[WhiteElo "1900"]
[BlackElo "1821"]

1. d4 d5 2. Nf3 Nf6 3. e3 Bg4 4. Nc3 Nc6 5. a3 e6 6. Be2 a6 7. Bd2 h6 8. Na4 b5
9. Nc5 Bxc5 10. dxc5 Ne4 11. Bc1 Nxc5 12. b4 Ne4 13. Bb2 O-O 14. Ne5 Bxe2 15.
Qxe2 Nxe5 16. Bxe5 f6 17. Bb2 e5 18. O-O Rc8 19. f3 Ng5 20. Rac1 c5 21. f4 exf4
22. exf4 Re8 23. Qh5 Ne4 24. Rcd1 cxb4 25. axb4 Rxc2 26. Ba1 Nc3 27. Bxc3 Rxc3
28. Rxd5 Qe7 29. h3 Qe3+ 30. Kh1 Rc2 31. f5 Qe4 32. Qg6 Qxd5 33. Qxe8+ Kh7 34.
Qg6+ Kh8 35. Qe8+ Qg8 36. Qxg8+ Kxg8 37. Ra1 Rb2 38. Rxa6 Rxb4 39. Kh2 Rf4 40.
g4 b4 41. Rb6 Rf2+ 42. Kg3 Rb2 43. Kh4 b3 44. Kh5 Kh7 45. Rb7 Rb1 46. h4 b2 47.
Rb8 g6+ 48. fxg6+ Kg7 49. Rb7+ 1-0

[Event "Challenge"]
[Site "http://www.queenalice.com/game.php?id=1374043"]
[Date "2015.7.28"]
[Round "-"]
[White "LaB"]
[Black "Vladimir"]
[Result "1-0"]
[WhiteElo "2009"]
[BlackElo "1822"]

1. e4 e5 2. Nf3 Nc6 3. Bb5 a6 4. Bxc6 dxc6 5. O-O Bd6 6. d4 exd4 7. Qxd4 f6 8.
Nc3 c5 9. Qd1 Ne7 10. Nd5 Nxd5 11. exd5 Bg4 12. h3 Bh5 13. Qd3 Bg6 14. Qe2+ Be7
15. c4 O-O 16. Re1 Re8 17. Be3 b5 18. b3 bxc4 19. bxc4 Bd6 20. Qd2 Rb8 21. Bf4
Rb4 22. Rac1 Bxf4 23. Qxf4 Ra4 24. Qd2 Be4 25. Nh2 f5 26. Qe3 Qd6 27. f3 f4 28.
Qe2 Bg6 29. Qd2 Rxe1+ 30. Qxe1 Rxa2 31. Ng4 Qb6 32. Kh2 Qb2 33. Qe6+ Kf8 34. Rg1
Qf2 35. Nxf2 Rxf2 36. Qxa6 Be4 37. fxe4 f3 38. Qc8+ Kf7 39. Qxc7+ Kg6 40. Qg3+
1-0

[Event "Challenge"]
[Site "http://www.queenalice.com/game.php?id=1374044"]
[Date "2015.7.28"]
[Round "-"]
[White "Vladimir"]
[Black "LaB"]
[Result "0-1"]
[WhiteElo "1847"]
[BlackElo "1917"]

1. d4 d5 2. c4 Nf6 3. Nc3 e6 4. a3 Be7 5. Nf3 O-O 6. c5 c6 7. Bf4 Ne4 8. Nxe4
dxe4 9. Ne5 Nd7 10. e3 Nxe5 11. Bxe5 Bf6 12. Bd6 Re8 13. Bc4 b6 14. Qg4 e5 15.
Qh5 Be6 16. Bxe6 Rxe6 17. Rd1 exd4 18. exd4 bxc5 19. dxc5 Bxb2 20. O-O Bxa3 21.
Qg4 Qf6 22. Rfe1 Rd8 23. Rxe4 Rxe4 24. Qxe4 Bxc5 25. Qxc6 Qxf2+ 26. Kh1 Bxd6 27.
h3 Qg3 28. Kg1 Bc5+ 29. Qxc5 Rxd1# 0-1

[Event "Challenge"]
[Site "http://www.queenalice.com/game.php?id=1374045"]
[Date "2015.7.28"]
[Round "-"]
[White "Vladimir"]
[Black "LaB"]
[Result "0-1"]
[WhiteElo "1834"]
[BlackElo "1946"]

1. e4 e5 2. Nf3 Nc6 3. Bc4 Bc5 4. O-O Nf6 5. Nc3 O-O 6. d3 Be7 7. a3 d6 8. h3
Nd4 9. Ng5 h6 10. Nxf7 Rxf7 11. Bxf7+ Kxf7 12. f4 Kg8 13. f5 c5 14. Be3 Qb6 15.
Na4 Qc6 16. Nc3 b6 17. Ne2 d5 18. Nxd4 cxd4 19. Bf2 dxe4 20. dxe4 Qxe4 21. Qd3
Qxd3 22. cxd3 Ba6 23. Rad1 Rc8 24. Bh4 Rc2 25. b4 Rc3 26. Bxf6 Bxf6 27. Rc1 Rxd3
28. Rf3 Rd2 29. Rc7 e4 30. Rg3 e3 31. Rg6 Rd1+ 32. Kh2 e2 0-1

[Event "Challenge"]
[Site "http://www.queenalice.com/game.php?id=1374046"]
[Date "2015.7.28"]
[Round "-"]
[White "LaB"]
[Black "Vladimir"]
[Result "0-1"]
[WhiteElo "2000"]
[BlackElo "1851"]

1. d4 d5 2. Nc3 Nf6 3. Nf3 h6 4. e3 Bg4 5. Be2 e6 6. O-O Bb4 7. Ne5 Bxc3 8. bxc3
Bxe2 9. Qxe2 Ne4 10. Qd3 O-O 11. f4 a6 12. Ba3 Re8 13. c4 Nc6 14. Nxc6 bxc6 15.
cxd5 cxd5 16. f5 exf5 17. Rxf5 Qd7 18. Re5 Rxe5 19. dxe5 Re8 20. Rd1 Rxe5 21.
Qxa6 Nc3 22. Re1 d4 23. Qd3 c5 24. Bxc5 Rxc5 25. exd4 Rc8 26. Ra1 Ne2+ 27. Qxe2
Qxd4+ 28. Kf1 Qxa1+ 29. Kf2 Qf6+ 30. Kg3 Rc3+ 31. Qf3 Rxf3+ 32. gxf3 Qb2 33. a4
Qxc2 0-1

[Event "Challenge"]
[Site "http://www.queenalice.com/game.php?id=1374097"]
[Date "2015.7.29"]
[Round "-"]
[White "masam2014"]
[Black "Vladimir"]
[Result "1-0"]
[WhiteElo "1680"]
[BlackElo "1823"]

1. d4 d5 2. c4 dxc4 3. e4 e5 4. d5 c6 5. Bxc4 cxd5 6. Qxd5 Qxd5 7. Bxd5 Nf6 8.
Nc3 Nxd5 9. Nxd5 Bd6 10. Nf3 h6 11. O-O Bg4 12. Nd2 1-0

[Event "Challenge"]
[Site "http://www.queenalice.com/game.php?id=1374098"]
[Date "2015.7.29"]
[Round "-"]
[White "Vladimir"]
[Black "masam2014"]
[Result "0-1"]
[WhiteElo "1801"]
[BlackElo "1740"]

1. e4 e5 2. Nf3 Nc6 3. Bc4 Bc5 4. Ng5 Qxg5 5. Qf3 Qf6 6. Qxf6 Nxf6 7. Nc3 O-O 8.
O-O Re8 9. a3 Nd4 10. Bb3 Nc6 11. d3 Nd4 12. Be3 Bb6 0-1